| 000 | 00469nam a2200157 a 4500 | ||
|---|---|---|---|
| 001 | 000001767 | ||
| 005 | 20200929145707.0 | ||
| 008 | 090626s2008 sp a 001 0 spa d | ||
| 020 | _a9788481813845 | ||
| 040 | _aDO-SdBNP | ||
| 082 |
_axxx _bP195 |
||
| 245 | 0 | 0 |
_aPanorámica de la edición española de libros 2007 : _banálisis sectorial del libro. |
| 260 |
_aEspaña : _bMinisterio de Cultura, _c2008. |
||
| 300 |
_a185 p. : _bil. ; _c25 cm. |
||
| 500 | _aIncluye índice | ||
| 999 |
_c1644 _d1644 |
||